书目信息 |
| 题名: |
报考知识全集及政治理论基干知识全集
|
|
| 作者: | 徐之明 著 | |
| 分册: | ||
| 出版信息: | 北京 原子能出版社 2008.2 |
|
| 页数: | 174页 | |
| 开本: | 20cm | |
| 丛书名: | ||
| 单 册: | ||
| 中图分类: | G643.6 | |
| 科图分类: | ||
| 主题词: | 教育--各级 | |
| 电子资源: | ||
| ISBN: | 978-7-5022-4096-7 | |
| 000 | 00718 nam 000229 | |
| 001 | 1036610635 | |
| 005 | 20120926152159.69 | |
| 010 | @a978-7-5022-4096-7@dCNY12.00 | |
| 100 | @a20090704d2003 em y0chiy0121 ea | |
| 101 | @achi | |
| 102 | @aCN@b110000 | |
| 105 | @ay z 000yy | |
| 200 | 10 | @a报考知识全集及政治理论基干知识全集@9bao kao zhi shi quan ji ji zheng zhi li lun ji gan zhi shi quan ji@f徐之明著@Fxu zhi ming zhu |
| 210 | @a北京@c原子能出版社@d2008.2 | |
| 215 | @a174页@d20cm | |
| 540 | @a报考知识全集及政治理论基干知识全集 | |
| 606 | @a教育@x各级 | |
| 690 | @aG643.6@v4 | |
| 701 | 0 | @a徐之明@9xu zhi ming@4著 |
| 801 | @aCN@bCQULIB@c20100613 | |
| 901 | @a222222 | |
| 905 | @b905957-61@dG643.6@eX8442@f5 | |
| 报考知识全集及政治理论基干知识全集/徐之明著.-北京:原子能出版社,2008.2 |
| 174页;20cm |
| ISBN 978-7-5022-4096-7:CNY12.00 |
| ● |
| 相关链接 |
|
|
|
正题名:报考知识全集及政治理论基干知识全集
索取号:G643.6/X8442
 
预约/预借
| 序号 | 登录号 | 条形码 | 馆藏地/架位号 | 状态 | 备注 |
| 1 | 1007347 | 210073472 | 社科库409/409社科库 11排4列5层/ [索取号:G643.6/X8442] | 在馆 | |
| 2 | 466513 | 204665139 | 社科库409/409社科库 11排4列5层/ [索取号:G643.6/X8442] | 在馆 | |
| 3 | 470351 | 204703516 | 社科库409/409社科库 11排4列5层/ [索取号:G643.6/X8442] | 在馆 | |
| 4 | 470353 | 204703534 | 社科库409/409社科库 11排4列5层/ [索取号:G643.6/X8442] | 在馆 | |
| 5 | 470401 | 204704016 | 社科库409/409社科库 11排4列5层/ [索取号:G643.6/X8442] | 在馆 | |
| 6 | 487107 | 204871077 | 社科库409/422社科库 18排2列1层/ [索取号:G643.6/X8442] | 在馆 | |
| 7 | 487108 | 204871086 | 社科库409/ [索取号:G643.6/X8442] | 在馆 |